God be with us : (Record no. 5017)
[ view plain ]
| 000 -LEADER | |
|---|---|
| fixed length control field | 01027cam a2200325Ka 4500 |
| 001 - CONTROL NUMBER | |
| control field | 48448389 |
| 003 - CONTROL NUMBER IDENTIFIER | |
| control field | OCoLC |
| 005 - DATE AND TIME OF LATEST TRANSACTION | |
| control field | 20181219144410.0 |
| 008 - FIXED-LENGTH DATA ELEMENTS--GENERAL INFORMATION | |
| fixed length control field | 011116s2001 nyu b 000 0 eng d |
| 010 ## - LIBRARY OF CONGRESS CONTROL NUMBER | |
| LC control number | 2001096614 |
| 020 ## - INTERNATIONAL STANDARD BOOK NUMBER | |
| International Standard Book Number | 0446530875 |
| 020 ## - INTERNATIONAL STANDARD BOOK NUMBER | |
| International Standard Book Number | 9780446530873 |
| 035 ## - SYSTEM CONTROL NUMBER | |
| System control number | (OCoLC)48448389 |
| 040 ## - CATALOGING SOURCE | |
| Original cataloging agency | CPP |
| Language of cataloging | eng |
| Transcribing agency | CPP |
| Modifying agency | DLC |
| -- | OCLCQ |
| -- | BAKER |
| -- | BTCTA |
| -- | YDXCP |
| -- | OKM |
| -- | OCLCF |
| -- | CIRBC |
| 043 ## - GEOGRAPHIC AREA CODE | |
| Geographic area code | n-us--- |
| 050 #4 - LIBRARY OF CONGRESS CALL NUMBER | |
| Classification number | BV215 |
| Item number | .S54 2001 |
| 082 04 - DEWEY DECIMAL CLASSIFICATION NUMBER | |
| Classification number | 242 |
| Item number | S553G |
| 092 0# - LOCALLY ASSIGNED DEWEY CALL NUMBER (OCLC) | |
| Classification number | 242.2 |
| Item number | S5537 |
| 100 1# - MAIN ENTRY--PERSONAL NAME | |
| Personal name | Sherrer, Quin. |
| 245 10 - TITLE STATEMENT | |
| Title | God be with us : |
| Remainder of title | a daily guide to praying for our nation / |
| Statement of responsibility, etc. | Quin Sherrer and Ruthanne Garlock. |
| 260 ## - PUBLICATION, DISTRIBUTION, ETC. | |
| Place of publication, distribution, etc. | New York : |
| Name of publisher, distributor, etc. | Warner Books, |
| Date of publication, distribution, etc. | c2001. |
| 300 ## - PHYSICAL DESCRIPTION | |
| Extent | xvi, 144 p. ; |
| Dimensions | 20 cm. |
| 504 ## - BIBLIOGRAPHY, ETC. NOTE | |
| Bibliography, etc. note | Includes bibliographical references (p. [141]-144). |
| 650 #0 - SUBJECT ADDED ENTRY--TOPICAL TERM | |
| Topical term or geographic name entry element | Prayer |
| General subdivision | Christianity. |
| 650 #0 - SUBJECT ADDED ENTRY--TOPICAL TERM | |
| Topical term or geographic name entry element | General intercessions. |
| 651 #0 - SUBJECT ADDED ENTRY--GEOGRAPHIC NAME | |
| Geographic name | United States |
| General subdivision | Prayers and devotions. |
| 655 #7 - INDEX TERM--GENRE/FORM | |
| Genre/form data or focus term | Prayers. |
| Source of term | fast |
| Authority record control number or standard number | (OCoLC)fst01423909 |
| 700 1# - ADDED ENTRY--PERSONAL NAME | |
| Personal name | Garlock, Ruthanne. |
| 942 ## - ADDED ENTRY ELEMENTS (KOHA) | |
| Source of classification or shelving scheme | Dewey Decimal Classification |
| Koha item type | Books |
| Withdrawn status | Lost status | Source of classification or shelving scheme | Damaged status | Not for loan | Collection code | Home library | Current library | Shelving location | Date acquired | Cost, normal purchase price | Total Checkouts | Full call number | Barcode | Date last seen | Price effective from | Koha item type |
|---|---|---|---|---|---|---|---|---|---|---|---|---|---|---|---|---|
| Dewey Decimal Classification | Non-fiction | Harvest Mission College | Harvest Mission College | General Stacks | 19.12.2018 | 540.00 | 242 S553G | 005737 | 19.12.2018 | 19.12.2018 | Books |
